Vplyv spôsobu zdaňovania príjmov fyzických osôb na dôchodkovú nerovnosť diplomová práca

Salvato in:
Dettagli Bibliografici
Autore principale: Kozáková, Lenka
Ente Autore: Národohospodárska fakulta EU. Katedra financií
Altri autori: Zubaľová, Alena, 1959-
Natura: Libro
Lingua:slovacco
Pubblicazione: Bratislava 2018
Tags: Aggiungi Tag
Nessun Tag, puoi essere il primo ad aggiungerne!!

MARC

LEADER 00000nbm a2200000 4500
001 0244242
005 20181126094904.3
041 0 |a slo 
044 |a SK 
245 1 0 |a Vplyv spôsobu zdaňovania príjmov fyzických osôb na dôchodkovú nerovnosť  |b diplomová práca  |c Lenka Kozáková ; školiteľ: Alena Zubaľová 
264 1 |a Bratislava  |c 2018 
300 |a 61 s. 
100 1 |a Kozáková, Lenka 
700 1 |a Zubaľová, Alena, 1959- 
710 2 |a Národohospodárska fakulta EU. Katedra financií